| 000 | 00705nam a2200241 a 4500 | ||
|---|---|---|---|
| 001 | 57249 | ||
| 003 | BD-RjUL | ||
| 005 | 20211209080504.0 | ||
| 008 | 161207s1981 nyu b 001 0 eng | ||
| 020 |
_a0195027345 (pbk.) : _c$8.95 |
||
| 035 | _a(BD-RjUL)57373 | ||
| 040 |
_aDLC _cDLC _dBD-RjUL _beng |
||
| 041 | _aeng | ||
| 082 | 0 | 0 |
_a301 _223 _bZES 1981 |
| 100 | 1 |
_aZeitlin, Irving M. _9170014 |
|
| 245 | 1 | 4 |
_aThe social condition of humanity : _ban introduction to sociology / _cIrving M. Zeitlin. |
| 260 |
_aNew York : _bOxford University Press, _c1981. |
||
| 300 |
_axi, 413 p. ; _c24 cm. |
||
| 500 | _aIncludes indexes. | ||
| 650 | 0 |
_aSociology. _9170015 |
|
| 942 |
_2ddc _cBK |
||
| 999 |
_c57249 _d57249 |
||